Copulata super octo libros phisicorum Arestotelis cum textu iuxta doctrinam excellentissimi doctoris sancti Thome de Aquino

Bibliographic Details
Main Author: Lambertus de Monte, zomrel 1499 ‎ (Author)
Other Authors: Quentell, Heinrich, zomrel 1501 (Printer)
Format: Book
Language:Latin
PhysicalDescription:"a"-"76", 168 fólií, 2°
Published: [Kolín nad Rýnom] [Quentell, Heinrich] [okolo 1488]

MARC

LEADER 00000nam a2200000 4500
001 vtls012076558
003 SK-MaSNL
005 20260301150650.0
008 251112s1488 gw 000 0 lat
015 |a SNBHFA1488 
038 |a SNKHF 
040 |a SNK  |b slo  |c SNK  |e rda 
041 0 |a lat 
044 |a gw  |c DE 
100 0 |a Lambertus de Monte,  |d zomrel 1499 ‎  |4 aut  |9 508222 
245 1 0 |a Copulata super octo libros phisicorum Arestotelis cum textu iuxta doctrinam excellentissimi doctoris sancti Thome de Aquino 
264 1 |a [Kolín nad Rýnom]  |b [Quentell, Heinrich]  |c [okolo 1488] 
300 |a "a"-"76", 168 fólií,  |c 2° 
336 |a text  |b txt  |2 rdacontent 
337 |a bez média  |b n  |2 rdamedia 
338 |a zväzok  |b nc  |2 rdacarier 
501 |a Príväzok 3. k: VERSOR, Johannes. Quaestiones super Metaphysicam Aristotelis. [Kolín nad Rýnom]: [Diederich Molner], [okolo 1486].  |5 SNK Inc B 64 
510 4 |a Kotvan  |c 752 
510 4 |a Kotvan - Frimmová  |c 303 
510 4 |a ISTC  |c im00831500 
510 4 |a GW  |c M16781 
546 |a Latinčina 
561 |a Proveniencia: na titulnom liste prvého diela konvolútu je rukopisný exlibris: Lapidis refugij.  |5 SNK Inc B 64/prív.3 
561 |a Na titulnom liste prvého diela konvolútu rukopisný záznam: Ex libris Illmi Cotis ad Domini Dni Ladislai Rakoczi etc ad usum concessus Conuentui Sebesien Ao 1651 die 22 May. L. Mppa. Na rovnakom mieste rukopisný exlibris: Conventus Sebesiensis a ceruzkou napísané signatúru Nr. 37.  |5 SNK Inc B 64/prív.3 
561 |a Tlač bola pravdepodobne uložená aj kartuziánskom kláštore v Lechnici v Červenom kláštore, po zrúšení kláštora na Skale útočiska.  |5 SNK Inc B 64/prív.3 
562 |a Na niektorých miestach rukopisné marginálie.  |5 SNK Inc B 64/prív.3 
563 |a Väzba: pôvodná kožená neskorogotická väzba zdobená slepotlačou. Predná doska s rámovou kompozíciou s padlým polom. Bordúra zdobená kolkom s motívom rozety a fialy. Medzipolie zdobené nápisovou páskou "maria". Stredové zrkadlo zdobené brokátovým motívom s trvalkou. Chrbát zdobený brokátovým motívom s kolkom s rastlinným motívom. Zadná doska s rámovou kompozíciou s bordúrou zdobenou rovnako ako pri prednej doske. Zrkadlo zdobené dvoma diagonálne pásy s florálnym motívom. V Medzipoliach zrkadla kolok s motívom trvalky. Pravdepodobne dielo kníhivazačskej dielne pôsobiacej pri kartuziánoch na Skale útočišťa. Zachovené pôvodne štýtky spôn florálnym motívom.   |5 SNK Inc B 64/prív.3 
700 1 |a Quentell, Heinrich,  |d zomrel 1501  |4 prt  |9 366004 
700 1 |a Rákoczi, Ladislav,  |d 1633-1664  |4 fmo  |9 347516 
710 2 |a Kartuziáni (Lechnica - Červený kláštor, Slovensko)  |4 fmo  |9 508221 
710 2 |a Kartuziáni (Letanovce - Skala útočiska, Slovensko)  |4 fmo  |9 343563 
710 2 |a Františkáni (Nižná Šebastová, Slovensko),  |d 1634-1950  |4 fmo  |9 212341 
752 |a Nemecko  |d Kolín nad Rýnom 
852 |a snk  |b Historické fondy  |p Inc B 64/prív.3 
958 |a ONDV 
999 |c 784233  |d 786163 
952 |t Inc B 64  |a SNK  |b SNK  |c SNK_HF  |y PREZ  |7 0  |p 17A1397853  |o snkInc B 64/prív.3  |i snk1976/1183  |8 5  |0 0  |1 0  |4 0  |d 2021-11-08  |f 1  |l 0  |r 2026-02-24 01:15:21  |w 2026-02-24